000 00457nam a2200181Ia 4500
008 221030s9999 xx 000 0 und d
020 _a8178086298
041 _aEnglish
082 _a105.23
_bGon
100 _aR. C. Gonzalez
245 0 _aDigital Image Processing
_cby R. C. Gonzalez, R. E. Woods
250 _a2nd
260 _bPearson Education
_aNew Delhi
_c2002
300 _a793
650 _aBE Computer
700 _aR. E. Woods
942 _cBK
999 _c1721
_d1721